|
|
|
|
| LEADER |
00721nam a2200241Ia 4500 |
| 008 |
141004s9999 xx 000 0 und d |
| 020 |
|
|
|a 81 88033 01 4
|
| 040 |
|
|
|c a
|
| 041 |
|
|
|a Malayalam
|
| 082 |
|
|
|a 363.7
|
| 082 |
|
|
|b SRI/NA
|
| 100 |
|
|
|a K Sreedharan
|
| 245 |
|
|
|a Narmadha: thadayappedunna jeevitha pravaaham
|
| 245 |
|
|
|c K Sreedharan
|
| 260 |
|
|
|a Kozhikkodu
|
| 260 |
|
|
|b Kerala sasthra sahithya parishat
|
| 260 |
|
|
|c 2001
|
| 300 |
|
|
|a 132 p.
|
| 300 |
|
|
|b 21.5 cm
|
| 501 |
|
|
|a COF
|
| 942 |
|
|
|c BK
|
| 999 |
|
|
|c 173108
|d 173108
|
| 952 |
|
|
|0 0
|1 0
|4 0
|6 363_750000000000000
|7 0
|8 REF
|9 178240
|a KAUCOF
|b KAUCOF
|o 363.75
|p KAU_COF-3517
|r 2014-10-04
|w 2014-10-04
|y BK
|